header

Open source fuzzing tools (Record no. 122592)

MARC details
000 -LEADER
fixed length control field 01131nam a22003014a 4500
245 00 - TITLE STATEMENT
Title Open source fuzzing tools
260 ## - PUBLICATION, DISTRIBUTION, ETC. (IMPRINT)
Place of publication Burlington, MA :
Name of publisher Syngress Pub.,
Year of publication c2007.
300 ## - PHYSICAL DESCRIPTION
Number of Pages ix, 199 p. :
Other physical details ill.
500 ## - GENERAL NOTE
General note Includes index.
650 #0 - SUBJECT ADDED ENTRY--TOPICAL TERM
Topical Term Computer software
Topical Term Open source software.
Topical Term Debugging in computer science.
700 1# - ADDED ENTRY--PERSONAL NAME
Personal name Evron, Gadi.
856 40 - ELECTRONIC LOCATION AND ACCESS
Uniform Resource Identifier http://site.ebrary.com/lib/rucke/Doc?id=10206135

No items available.

© 2026 Rongo University
Contact us: librarian | system librarian | Rongo university